000 002430000a22000970004500
100 1 _aCarter, Isabel (Gordon) (1897- )
245 1 0 _aEl valor de trabajar juntos
300 _aNúm 54 (2003), Páginas 10-11
773 0 _tPaso a paso
942 _cANA
999 _c52682
_d52682